| 000 | 01129nam a22003497a 4500 | ||
|---|---|---|---|
| 001 | 000732 | ||
| 003 | DO-SdBNP | ||
| 005 | 20180209143633.0 | ||
| 007 | 000732 | ||
| 008 | 161123b 1992 sp a ||||| |||| 00| 0 spa d | ||
| 020 | _a8434830965 | ||
| 040 |
_aBPMSU _bspa _cBPMSU |
||
| 082 |
_axxxx _bxxxx |
||
| 100 | 1 |
_aO'Callaghan i Duch, Elena, _d1955- |
|
| 245 | 1 | 0 |
_aPequeño roble / _cElena O'Callaghan i Duch ; ilustraciones, Carme Pèris ; traducción del catalán, Francesc Sales |
| 250 | _a3ª ed. | ||
| 260 |
_aMadrid : _bSM, _c1992. |
||
| 300 |
_a139 p. : _bil. ; _c19 cm. |
||
| 490 | 1 |
_aBarco de vapor. Serie naranja _v64 |
|
| 490 | 1 |
_aEl barco de vapor _v196 |
|
| 500 | _a"A partir de 9 años" | ||
| 500 | _aIncluye datos de la autora | ||
| 500 | _aTraducción de: El petit roure | ||
| 586 | _aPremio El Vaixell de Vapor 1987 | ||
| 700 | 1 | 2 |
_aPèris, Carme, _eil. |
| 700 | 1 | 2 |
_aSales, Francesc, _etr. |
| 830 | 0 |
_aBarco de vapor. Serie naranja ; _v64 |
|
| 830 | 0 |
_aEl barco de vapor ; _v196 |
|
| 942 |
_2ddc _cBK |
||
| 945 | _aInventariado, 2008 / YL | ||
| 956 |
_2LOPEREZ _310 _620161123 _8BPMSU _a00041 |
||
| 999 |
_c12052 _d12052 |
||